UBT Library

Diagnosis and treatment of chronic depression / (Record no. 40859)

000 -LEADER
fixed length control field 00818pam a2200241 a 4500
001 - CONTROL NUMBER
control field 2085761
005 - DATE AND TIME OF LATEST TRANSACTION
control field 20180124073525.0
008 - FIXED-LENGTH DATA ELEMENTS--GENERAL INFORMATION
fixed length control field 950109s1995 nyua b 001 0 eng c
010 ## - LIBRARY OF CONGRESS CONTROL NUMBER
LC control number 95002539
020 ## - INTERNATIONAL STANDARD BOOK NUMBER
International Standard Book Number 0898628490 (acidfree paper)
040 ## - CATALOGING SOURCE
Original cataloging agency DNLM/DLC
Transcribing agency DLC
Modifying agency DLC
041 ## - LANGUAGE CODE
Language code of text/sound track or separate title eng
060 00 - NATIONAL LIBRARY OF MEDICINE CALL NUMBER
Classification number WM 171 D5355 1995
080 ## - UNIVERSAL DECIMAL CLASSIFICATION NUMBER
Universal Decimal Classification number 616.8527 KOC
082 00 - DEWEY DECIMAL CLASSIFICATION NUMBER
Classification number 616.8527 KOC
Edition number 20
100 ## - Rafti
Rafti 48
101 ## - Shkurtesa
Shkurtesa PSI
245 00 - TITLE STATEMENT
Title Diagnosis and treatment of chronic depression /
Statement of responsibility, etc edited by James H. Kocsis, Daniel N. Klein ; foreword by Allen J. Frances.
504 ## - BIBLIOGRAPHY, ETC. NOTE
Bibliography, etc Includes bibliographical references and index.
906 ## - LOCAL DATA ELEMENT F, LDF (RLIN)
a 7
b cbc
c orignew
d 1
e ocip
f 19
g y-gencatlg
942 ## - ADDED ENTRY ELEMENTS (KOHA)
Source of classification or shelving scheme
Item type Books
Holdings
Withdrawn status Lost status Source of classification or shelving scheme Damaged status Not for loan Collection code Permanent location Current location Shelving location Date acquired Total Checkouts Full call number Barcode Date last seen Price effective from Koha item type
          Koleksioni i përgjithshem UBT - Lipjan UBT - Lipjan Koleksioni i përgjithshem 01/24/2018   616.8527 KOC 002-2996225 01/24/2018 01/24/2018 Books
UBT Library © 2015-2024. All rights reserved University Education for Business and Technology